| 000 | 00929nas a2200253 i 4500 | ||
|---|---|---|---|
| 001 | 2000 | ||
| 003 | ES-MaACL | ||
| 005 | 20250830210345.0 | ||
| 007 | t| | ||
| 008 | 950801c1953 dr | | 1 ||pa d | ||
| 245 | 0 | 0 | _aRevista de la Secretaría de Estado de Trabajo, Economía y Comercio. |
| 260 |
_aCiudad Trujillo (Santo Domingo) : _bSecretaría de Estado de Trabajo, Economía y Comercio, _c1953- |
||
| 300 |
_a4 v. : _bil. ; _c28 cm. |
||
| 310 | _aSemestral | ||
| 321 |
_aBimestral, _b1953?-1955 |
||
| 362 | 0 | _a(1953)- | |
| 650 | 1 | 7 |
_aEconomía _2embne _912006 |
| 710 | 1 |
_aRepública Dominicana. _bSecretaría de Estado de Economía y Comercio _96434 |
|
| 785 | 0 | 0 |
_aRevista de la Secretaría de Estado de Industria, Comercio y Banca _d1956 |
| 785 | 0 | 0 |
_aRevista de la Secretaría de Estado de Industria y Comercio _d1957 |
| 852 |
_aES-MaACL _jHem-1015 |
||
| 866 | 0 | _o(1953)1954-56(1957)1958. | |
| 999 |
_c2000 _d2000 |
||